header

The big win (Record no. 71632)

MARC details
000 -LEADER
fixed length control field 01539nam a2200337 a 4500
082 04 - DEWEY DECIMAL CLASSIFICATION NUMBER
Classification number 332.60973
100 1# - MAIN ENTRY--AUTHOR NAME
Personal name Weiss, Stephen L.,
245 14 - TITLE STATEMENT
Title The big win
260 ## - PUBLICATION, DISTRIBUTION, ETC. (IMPRINT)
Place of publication Hoboken, N.J. :
Name of publisher Wiley,
Year of publication c2012.
300 ## - PHYSICAL DESCRIPTION
Number of Pages xii, 227 p.
505 0# - FORMATTED CONTENTS NOTE
Formatted contents note The legends I have met : a behind the scenes look at what makes a legend -- Follow the money : the ugly reality of whale watching -- The glass ceiling of performance : Rene Haugerud -- The boom goes bust : James S. Chanos -- Conclusion : so there you have it?.
650 #0 - SUBJECT ADDED ENTRY--TOPICAL TERM
Topical Term Investments
Topical Term Portfolio management
856 40 - ELECTRONIC LOCATION AND ACCESS
Uniform Resource Identifier http://site.ebrary.com/lib/rucke/Doc?id=10630601

No items available.

© 2026 Rongo University
Contact us: librarian | system librarian | Rongo university